| 000 | 01062 a2200361 4500 | ||
|---|---|---|---|
| 999 |
_c71288 _d37320 |
||
| 001 | 71288 | ||
| 003 | TR-AnTOB | ||
| 005 | 20190725101021.0 | ||
| 008 | 140711s1986 tu 000 0 | ||
| 035 | _a71288 | ||
| 040 |
_aTR-AnTOB _cTR-AnTOB |
||
| 041 | _atur | ||
| 050 |
_aDR603 _b.C466 1986 |
||
| 090 | _aDR603 .C466 1986 | ||
| 100 | 1 |
_aCemal, Hasan, _d1944- _982940 |
|
| 245 | 0 |
_a12 Eylül günlüğü : _bdemokrasi korkusu / _cHasan Cemal. |
|
| 246 | 3 |
_aOn iki Eylül günlüğü : _bdemokrasi korkusu |
|
| 250 | _a2. bs. | ||
| 264 | 1 |
_aAnkara: _bBilgi, _c1986. |
|
| 300 |
_a660 s. ; _c19 cm. |
||
| 336 |
_2rdacontent _atext _btxt |
||
| 337 |
_2rdamedia _aunmediated _bn |
||
| 338 |
_2rdacarrier _avolume _bnc |
||
| 490 | 0 |
_aBilgi dizisi ; _v41 _aHasan Cemal ; _v2 |
|
| 590 |
_aSn.Celil Güngör tarafından _cbağışlanmıştır. |
||
| 651 |
_aTürkiye _xSiyaset ve yönetim _y1960- _923670 |
||
| 651 |
_aTurkey _xPolitics and government _y1960- _955477 |
||
| 902 | _a0024603 | ||
| 903 | _aMerkez Kütüphane | ||
| 942 |
_cBK _2lcc |
||
| 945 | _aAY. BS | ||